| 000 | 00722nam0a2200265 4500 | ||
|---|---|---|---|
| 001 | RU\NLR\bibl\1313200 | ||
| 005 | 20250615154647.0 | ||
| 010 |
_a978-5-91146-197-3 _9500 |
||
| 021 |
_aRU _b2008-89687 _95241 |
||
| 035 | _a(NLR Aleph) 001298627 | ||
| 090 |
_a604898 _c604898 |
||
| 100 | _a20081226d2008 |||y0rusy50 ca | ||
| 101 | 0 | _arus | |
| 102 | _aRU | ||
| 105 | _ay ||||||||| | ||
| 200 | 1 |
_aКошерные эпиграммы на VIP _fЕ. Шах |
|
| 210 |
_aМосква _cИПЦ "Маска" _d2008 |
||
| 215 |
_a322 с. _d21 |
||
| 686 | _aШ6(2=Р)75-754 | ||
| 700 | 1 |
_aШах _bЕ. _4070 |
|
| 801 | 0 |
_aRU _bNLR _c20081226 _gRCR |
|
| 801 | 1 |
_aRU _bNLR _c20081226 |
|
| 942 | _cBOOK | ||
| 980 | _aNB | ||